<?xml version="1.0" encoding="UTF-8"?>
<record
    xmlns:xsi="http://www.w3.org/2001/XMLSchema-instance"
    xsi:schemaLocation="http://www.loc.gov/MARC21/slim http://www.loc.gov/standards/marcxml/schema/MARC21slim.xsd"
    xmlns="http://www.loc.gov/MARC21/slim">

  <leader>01282nam a22002777a 4500</leader>
  <controlfield tag="003">dpl</controlfield>
  <controlfield tag="005">20180718125111.0</controlfield>
  <controlfield tag="008">180718b        xxu||||| |||| 00| 0 eng d</controlfield>
  <datafield tag="010" ind1=" " ind2=" ">
    <subfield code="a">B-049979</subfield>
  </datafield>
  <datafield tag="020" ind1=" " ind2=" ">
    <subfield code="c">250.00</subfield>
  </datafield>
  <datafield tag="035" ind1=" " ind2=" ">
    <subfield code="a">B-049979, A-049983</subfield>
  </datafield>
  <datafield tag="037" ind1=" " ind2=" ">
    <subfield code="b">Cen Lib/Ret</subfield>
  </datafield>
  <datafield tag="040" ind1=" " ind2=" ">
    <subfield code="a">DPL</subfield>
    <subfield code="b">HN</subfield>
    <subfield code="c">0</subfield>
  </datafield>
  <datafield tag="082" ind1=" " ind2=" ">
    <subfield code="a">&#x915; </subfield>
    <subfield code="b">&#x92D;&#x93E;&#x930;&#x924;&#x940;</subfield>
  </datafield>
  <datafield tag="245" ind1=" " ind2=" ">
    <subfield code="a">&#x92D;&#x93E;&#x930;&#x924;&#x940;&#x92F; &#x92E;&#x939;&#x93F;&#x932;&#x93E; &#x915;&#x925;&#x93E;&#x915;&#x93E;&#x930;&#x94B;&#x902; &#x915;&#x940; &#x936;&#x94D;&#x930;&#x947;&#x937;&#x94D;&#x920; &#x915;&#x939;&#x93E;&#x928;&#x93F;&#x92F;&#x93E;&#x902;   /</subfield>
    <subfield code="c">&#x938;&#x92E;&#x94D;&#x92A;&#x93E;&#x926;&#x915; &#x936;&#x940;&#x924;&#x93E;&#x902;&#x936;&#x941; &#x92D;&#x930;&#x926;&#x94D;&#x935;&#x93E;&#x91C; </subfield>
  </datafield>
  <datafield tag="246" ind1=" " ind2=" ">
    <subfield code="a">Bhartiay mahila kathakaron ki shreshth kahaniyan </subfield>
    <subfield code="b">sampadak Shitanshu Bhardwaj </subfield>
  </datafield>
  <datafield tag="260" ind1=" " ind2=" ">
    <subfield code="a">&#x928;&#x908;  &#x926;&#x93F;&#x932;&#x94D;&#x932;&#x940; </subfield>
    <subfield code="b">&#x936;&#x93E;&#x930;&#x926;&#x93E; &#x92A;&#x94D;&#x930;&#x915;&#x93E;&#x936;&#x928; </subfield>
    <subfield code="c">2001</subfield>
  </datafield>
  <datafield tag="270" ind1=" " ind2=" ">
    <subfield code="a">16/&#x90D;&#x92B;&#x93C; ,3-&#x905;&#x902;&#x938;&#x93E;&#x930;&#x940; &#x930;&#x94B;&#x921; &#x926;&#x930;&#x93F;&#x92F;&#x93E; &#x917;&#x902;&#x91C; </subfield>
    <subfield code="b">&#x928;&#x908; &#x926;&#x93F;&#x932;&#x94D;&#x932;&#x940; </subfield>
    <subfield code="e">110002</subfield>
  </datafield>
  <datafield tag="300" ind1=" " ind2=" ">
    <subfield code="a">248&#x92A;&#x943;&#x937;&#x94D;&#x920;. </subfield>
    <subfield code="c">20&#x938;&#x947;&#x92E;&#x940;(&#x938;&#x91C;&#x93F;&#x932;&#x94D;&#x926;)</subfield>
  </datafield>
  <datafield tag="650" ind1=" " ind2=" ">
    <subfield code="a">&#x939;&#x93F;&#x902;&#x926;&#x940; &#x938;&#x93E;&#x939;&#x93F;&#x924;&#x94D;&#x92F; </subfield>
    <subfield code="9">66125</subfield>
  </datafield>
  <datafield tag="650" ind1=" " ind2=" ">
    <subfield code="a">&#x92D;&#x93E;&#x930;&#x924;&#x940;&#x92F; &#x92E;&#x939;&#x93F;&#x932;&#x93E;&#x913; -&#x939;&#x93F;&#x902;&#x926;&#x940; &#x915;&#x939;&#x93E;&#x928;&#x940;</subfield>
    <subfield code="9">66126</subfield>
  </datafield>
  <datafield tag="650" ind1=" " ind2=" ">
    <subfield code="a">Hindi literature</subfield>
    <subfield code="9">66127</subfield>
  </datafield>
  <datafield tag="650" ind1=" " ind2=" ">
    <subfield code="a">Indian women -hindi story</subfield>
    <subfield code="9">66128</subfield>
  </datafield>
  <datafield tag="700" ind1=" " ind2=" ">
    <subfield code="a">&#x92D;&#x930;&#x926;&#x94D;&#x935;&#x93E;&#x91C;, &#x936;&#x940;&#x924;&#x93E;&#x902;&#x936;&#x941; </subfield>
    <subfield code="9">42466</subfield>
  </datafield>
  <datafield tag="942" ind1=" " ind2=" ">
    <subfield code="2">ddc</subfield>
    <subfield code="c">HN</subfield>
    <subfield code="h">&#x915; </subfield>
    <subfield code="m">&#x92D;&#x93E;&#x930;&#x924;&#x940;</subfield>
  </datafield>
  <datafield tag="999" ind1=" " ind2=" ">
    <subfield code="c">116360</subfield>
    <subfield code="d">116360</subfield>
  </datafield>
  <datafield tag="952" ind1=" " ind2=" ">
    <subfield code="0">4</subfield>
    <subfield code="1">0</subfield>
    <subfield code="4">0</subfield>
    <subfield code="7">0</subfield>
    <subfield code="a">L</subfield>
    <subfield code="b">L</subfield>
    <subfield code="d">2015-08-24</subfield>
    <subfield code="e">Cen Lib /Ret</subfield>
    <subfield code="g">250.00</subfield>
    <subfield code="l">0</subfield>
    <subfield code="o">&#x915;  &#x92D;&#x93E;&#x930;&#x924;&#x940;</subfield>
    <subfield code="p">B-049979</subfield>
    <subfield code="r">2015-08-24 00:00:00</subfield>
    <subfield code="t">1</subfield>
    <subfield code="v">250.00</subfield>
    <subfield code="w">2015-08-24</subfield>
    <subfield code="y">HN</subfield>
    <subfield code="z">Written off on approval by DLB (By Circulation); dtd 15-06-2023</subfield>
  </datafield>
  <datafield tag="952" ind1=" " ind2=" ">
    <subfield code="0">0</subfield>
    <subfield code="1">0</subfield>
    <subfield code="2">ddc</subfield>
    <subfield code="4">0</subfield>
    <subfield code="7">0</subfield>
    <subfield code="8">FIC</subfield>
    <subfield code="a">BL4</subfield>
    <subfield code="b">BL4</subfield>
    <subfield code="d">2018-07-18</subfield>
    <subfield code="e">BPPD/PUB</subfield>
    <subfield code="g">250.00</subfield>
    <subfield code="l">1</subfield>
    <subfield code="o">&#x915;  &#x92D;&#x93E;&#x930;&#x924;&#x940;</subfield>
    <subfield code="p">B-049983</subfield>
    <subfield code="r">2018-10-06 00:00:00</subfield>
    <subfield code="s">2018-09-20</subfield>
    <subfield code="v">250.00</subfield>
    <subfield code="w">2018-07-18</subfield>
    <subfield code="y">HN</subfield>
  </datafield>
</record>
